The Court of the European Communities : new dimension in international adjudication.

Bibliographic Details
Main Author: Feld, Werner J.
Format: Book
Language:English
Published: The Hague : M. Nijhoff, 1964.
Subjects:

MARC

Tag First Indicator Second Indicator Subfields
LEADER 00000cam a2200000 4500
001 in00000056272
005 20151008052420.0
008 750729s1964 ne b 00000 eng u
010 |a  66033380  
035 |a (OCoLC)01487980 
035 |9 AAH3228AM 
040 |c SWW  |d OCL  |d TXA  |d UtOrBLW 
049 |a TXAM  |c [458533] 
090 |a KJE5461  |b .F46 1964 
092 |a 341.63  |b F312c 
100 1 |a Feld, Werner J. 
245 1 4 |a The Court of the European Communities :  |b new dimension in international adjudication. 
264 1 |a The Hague :  |b M. Nijhoff,  |c 1964. 
300 |a 127 pages ;  |c 24 cm. 
336 |a text  |b txt  |2 rdacontent 
337 |a unmediated  |b n  |2 rdamedia 
338 |a volume  |b nc  |2 rdacarrier 
504 |a Bibliography: pages 123-125. Bibliographical footnotes. 
610 2 0 |a Court of Justice of the European Communities. 
999 |a MARS 
999 f f |s dba421a8-29ba-39aa-af0c-1d95e86e5bee  |i 546d8657-5ad0-3d03-adcd-c20fb2bab56a  |t 0 
952 f f |p ric  |a Texas A&M University  |b Rellis Campus  |c Joint Library Facility  |d Remote Storage  |t 0  |e KJE5461 .F46 1964  |h Library of Congress classification  |i unmediated -- volume  |m A14800785071 
998 f f |a KJE5461 .F46 1964  |t 0  |l Remote Storage